'A' Books by Cover Quiz Stats

Quiz Updated Feb 6, 2015

Also try: Books by Haiku
Challenge
Share
Tweet
Score 0/15 Timer 05:00
15 Plays Today
Book % Correct
A3Alice's Adventures in Wonderland
96.7%
B2Animal Farm
93.9%
A1Atlas Shrugged
73.1%
A4Angels & Demons
72.9%
C4Angela's Ashes
56.1%
B1Art of War
55.9%
B4Anna Karenina
42%
B5Amelia Bedelia
39.8%
Book % Correct
C2Atonement
33.8%
A2Artemis Fowl
32.9%
C5The Alchemist
28.9%
C1As I Lay Dying
26.4%
C3Are You There God? It's Me, Margaret
26.4%
B3The Awakening
21.8%
A5All the King's Men
18.2%

You're not logged in!

Compare scores with friends on all Sporcle quizzes.
Sign Up with Email
OR
Log In

You Might Also Like...

Show Comments

Extras

Top Quizzes Today


Score Distribution

Your Account Isn't Verified!

In order to create a playlist on Sporcle, you need to verify the email address you used during registration. Go to your Sporcle Settings to finish the process.